[Event "BCF-chT4S 1819 (4NCL)"]
[Site "England"]
[Date "2019.05.05"]
[Round "10.66"]
[White "Mead Herbert, Bradley"]
[Black "Dixon, Chris"]
[Result "0-1"]
[WhiteElo "1585"]
[BlackElo "1756"]
[PlyCount "49"]
[EventDate "2018.11.17"]
[EventType "team-swiss"]
[EventRounds "11"]
[EventCountry "ENG"]
[SourceTitle "EXT 2021"]
[Source "ChessBase"]
[SourceDate "2020.10.23"]
[SourceVersion "1"]
[SourceVersionDate "2020.10.23"]
[SourceQuality "1"]
[WhiteTeam "Watford"]
[BlackTeam "The Full Ponty"]
[WhiteTeamCountry "ENG"]
[BlackTeamCountry "WLS"]

1. e4 d6 2. d4 Nf6 3. Nc3 g6 4. f4 Bg7 5. e5 Nfd7 6. Nf3 c5 7. Ne4 0-0 8. Be3 cxd4 9. Bxd4 dxe5 10. Bc3 exf4 11. Bxg7 Kxg7 12. Qd4+ Nf6 13. Qc3 Nc6 14. a3 Bf5 15. Nc5 Qb6 16. Nh4 Rad8 17. Nxf5+ gxf5 18. b4 e5 19. Bc4 Ne4 20. Qh3 Nd4 21. 0-0-0 Nf2 22. Qh5 Qg6 23. Qxg6+ hxg6 24. Nxb7 Rc8 25. Rxd4 0-1

[Event "BCF-chT4S 1819 (4NCL)"]
[Site "England"]
[Date "2019.04.14"]
[Round "8.35"]
[White "Stevenson, James"]
[Black "Mead Herbert, Bradley"]
[Result "1-0"]
[WhiteElo "1994"]
[BlackElo "1585"]
[PlyCount "83"]
[EventDate "2018.11.17"]
[EventType "team-swiss"]
[EventRounds "11"]
[EventCountry "ENG"]
[SourceTitle "EXT 2021"]
[Source "ChessBase"]
[SourceDate "2020.10.23"]
[SourceVersion "1"]
[SourceVersionDate "2020.10.23"]
[SourceQuality "1"]
[WhiteTeam "Celtic Tigers II"]
[BlackTeam "Watford"]
[WhiteTeamCountry "ENG"]
[BlackTeamCountry "ENG"]

1. e4 c5 2. d4 cxd4 3. c3 Nc6 4. cxd4 d5 5. exd5 Qxd5 6. Nf3 Bg4 7. Be2 e6 8. Nc3 Qa5 9. 0-0 Nf6 10. Be3 a6 11. h3 Bh5 12. a3 Bd6 13. b4 Qd8 14. Qb3 0-0 15. Rfd1 Nd5 16. Ne4 Nxe3 17. Qxe3 Bc7 18. Rac1 h6 19. Nc5 Ne7 20. Nxb7 Qb8 21. Nc5 Bf4 22. Qb3 Bxc1 23. Rxc1 Qd6 24. Rd1 Ra7 25. Qd3 Bxf3 26. Bxf3 Nd5 27. g3 f5 28. Re1 Rf6 29. Qb3 Rg6 30. Rxe6 Rxe6 31. Bxd5 Kh8 32. Bxe6 Qxd4 33. Qd3 Qxd3 34. Nxd3 g6 35. Kf1 Kg7 36. Bc4 a5 37. Ke2 axb4 38. axb4 Kf6 39. Ke3 g5 40. Kd4 Rd7+ 41. Bd5 h5 42. b5 1-0